|
|
|
|
| LEADER |
00866nam a22002417a 4500 |
| 001 |
1234 |
| 003 |
BD-DhAAL |
| 005 |
20141215113526.0 |
| 008 |
141215s1970 nau||||| b||| 001 0 eng d |
| 040 |
|
|
|a BD-DhAAL
|c BD-DhAAL
|
| 082 |
|
|
|2 22
|a 312
|
| 100 |
|
|
|a Thompson, Warren S.
|9 6818
|
| 245 |
|
|
|a Population problems /
|c Warren S. Thompson and David T. Lewis
|
| 260 |
|
|
|a New York
|b McGraw-Hill Book Company,
|c 1970
|
| 300 |
|
|
|a xiv, 593 p. :
|b ill. ;
|c 24 cm.
|
| 490 |
|
|
|a McGraw-Hill Series in Sociology
|
| 504 |
|
|
|a Includes bibliographical references and index
|
| 541 |
|
|
|e 1234
|
| 650 |
|
|
|a Population
|9 6819
|
| 852 |
|
|
|a Ayesha Abed Library
|
| 942 |
|
|
|2 ddc
|c BK
|
| 999 |
|
|
|c 33301
|d 33301
|
| 952 |
|
|
|0 0
|1 0
|2 ddc
|4 0
|6 312_000000000000000_THO
|7 0
|9 44477
|a BRACUL
|b BRACUL
|c GEN
|d 2014-12-15
|g 0.00
|l 0
|o 312 THO
|p 3010001234
|r 2014-12-15
|t 1
|w 2014-12-15
|y BK
|z Not price in Register
|